Plus grands domaines skiables par département - Statistiques

Statistiques générales
  • Ce quiz a été pris 250 fois
    23 depuis la dernière actualisation
  • Le résultat moyen est 9 sur 24
Statistiques - réponses
Département Taille du domaine Station % Correct
73 - Savoie 600km Les 3 vallées
80%
05 - Hautes Alpes 250km Serre Chevalier
75%
15 - Cantal 60km le Lioran
60%
74 - Haute Savoie >400km Portes du Soleil
60%
38 - Isère 250km Alpe d'Huez
55%
04 - Alpes de Haute Provence 170km Espace Lumière
55%
63 - Puy de Dôme 45km Super Besse
55%
39 - Jura 50km Les Rousses
50%
06 - Alpes Maritimes 135km Auron
40%
84 - Vaucluse 12km Mont Serein
40%
65 - Hautes Pyrénées 100km Saint Lary Soulan
40%
88 - Vosges 50km La Bresse
35%
66 - Pyrénées Orientales 55km Les Angles
35%
25 - Doubs 40km Métabief
35%
31 - Haute Garonne 30km Superbagnères
30%
30 - Gard 8km Alti Aigoual
25%
09 - Ariège 80km Ax 3 Domaines
25%
42 - Loire 12km Chalmazel
25%
01 - Ain 55km Monts Jura
25%
68 - Haut Rhin 13km Lac Blanc
20%
2B - Corse du Sud <5km Asco
10%
64 - Pyrénées Atlantiques 42km Gourette
10%
67 - Bas Rhin 6km Champ du Feu
5%
07 - Ardèche 10km Croix de Bauzon
5%
Aucun quiz correspondant
Distribution des résultats
% des personnes avec chaque résultat
Percentile par nombre de réponses
Votre historique - résultats
Vous n’avez pas pris ce quiz depuis la dernière actualisation